000
00485nam a2200181Ia 4500
008
090124s9999 xx 000 0 und d
082
_b
32697
100
_a
थत्ते राम अनंत
245
_a
अजिंठा
250
_a
1
260
_c
2004
300
_a
143
600
_a
थत्ते राम अनंत
630
_a
अजिंठा
700
_a
थत्ते राम अनंत
730
_a
अजिंठा
942
_c
BOOK
999
_c
179119
_d
179119